Statistiques concernant Romains 12. 1-8

Cliquez ici pour prendre le quiz!

Statistiques générales

  • Ce quiz a été pris 23 fois
  • Le résultat moyen est 173 sur 234

Statistiques - réponses

Versets :% Correct
à
100%
à
100%
agréable
100%
comme
100%
compassions
100%
corps
100%
de
100%
Dieu.
100%
Dieu,
100%
donc,
100%
encourage
100%
et
100%
frères
100%
Je
100%
les
100%
offrir
100%
par
100%
sacrifice
100%
saint,
100%
sœurs,
100%
un
100%
vivant,
100%
votre
100%
vous
100%
à
86%
avoir
86%
Ce
86%
chacun
86%
chacun
86%
culte
86%
de
86%
de
86%
de
86%
de
86%
de
86%
dis
86%
haute
86%
je
86%
Ne
86%
opinion
86%
part
86%
pas
86%
raisonnable.
86%
sera
86%
trop
86%
un
86%
une
86%
votre
86%
vous
86%
à
71%
a
71%
à
71%
à
71%
a
71%
a
71%
accord
71%
accordée.
71%
actuel,
71%
afin
71%
agréable
71%
appelé
71%
au
71%
autre
71%
autres,
71%
avec
71%
avons
71%
avons
71%
bon,
71%
ce
71%
celui
71%
chacun
71%
Christ
71%
conformez
71%
consacre
71%
corps
71%
corps
71%
dans
71%
de
71%
de
71%
de
71%
de
71%
de
71%
de
71%
de
71%
des
71%
des
71%
des
71%
Dieu,
71%
Dieu
71%
différents,
71%
discerner
71%
don
71%
donne
71%
donnée,
71%
donnée.
71%
dons
71%
effet,
71%
en
71%
en
71%
En
71%
enseigne
71%
enseignement,
71%
est
71%
est
71%
est
71%
et
71%
et
71%
et
71%
été
71%
été
71%
foi;
71%
foi
71%
fonction,
71%
formons
71%
garder
71%
grâce
71%
grâce
71%
la
71%
la
71%
la
71%
la
71%
la
71%
la
71%
le
71%
le
71%
les
71%
les
71%
l'exerce
71%
l'intelligence
71%
lui
71%
lui-même,
71%
m'a
71%
mais
71%
mais
71%
membres
71%
membres
71%
membres
71%
même
71%
même,
71%
même
71%
mesure
71%
modestes,
71%
monde
71%
ne
71%
n'ont
71%
Nous
71%
nous
71%
nous
71%
nous
71%
nous
71%
nous
71%
Par
71%
par
71%
parfait.
71%
part.
71%
pas
71%
pas
71%
plusieurs
71%
plusieurs,
71%
pour
71%
prophétie,
71%
Que
71%
que
71%
que
71%
que
71%
quelle
71%
quelqu'un
71%
qui
71%
qui
71%
qui
71%
qui
71%
qui
71%
qu'il
71%
qu'il
71%
renouvellement
71%
sa
71%
se
71%
se
71%
selon
71%
selon
71%
sentiments
71%
service.
71%
servir,
71%
seul
71%
seul
71%
si
71%
Si
71%
sommes
71%
sommes
71%
son
71%
son
71%
soyez
71%
tous
71%
tous
71%
transformés
71%
un
71%
un
71%
un
71%
uns
71%
volonté
71%
vous
71%
a
57%
à
57%
avec
57%
avec
57%
avec
57%
bienveillance
57%
celui
57%
celui
57%
celui
57%
celui
57%
d'encourager
57%
don
57%
donne
57%
et
57%
et
57%
exerce
57%
fasse
57%
fasse
57%
générosité,
57%
joie.
57%
la
57%
le
57%
le
57%
le
57%
l'encouragement.
57%
préside,
57%
que
57%
Que
57%
qui
57%
qui
57%
qui
57%
qui
57%
zèle,
57%

Distribution des résultats

Percentile par nombre de réponses

% des personnes avec chaque résultat

Votre développement - résultats

Vous n’avez pas pris ce quiz